000 00467nam a2200169 i 4500
001 19675
003 ES-MaACL
005 20230906152139.0
007 t|
008 021008s1972 sp ||||1| spa d
100 1 _aAberasturi, Andrés,
_d1948-
_918090
245 1 0 _aSincronía en tiempo de vals /
_cAndrés de Aberasturi.
260 _aBarcelona :
_bPicazo,
_c[1972]
300 _a84 p. ;
_c20 cm.
852 _aES-MaACL
_jC-49330
_bR.84709
999 _c19675
_d19675